X-Factor Players | NHL 26 - Statistics

General Stats
  • This quiz has been taken 70 times
  • The average score is 95 of 311
Answer Stats
Name Team Amount % Correct
Erik Karlsson PIT 2
82%
William Karlsson VGK 1
82%
Leo Carlsson ANA 2
80%
Matthew Tkachuk FLA 3
77%
Brady Tkachuk OTT 3
75%
Nathan MacKinnon COL 3
75%
Cale Makar COL 3
73%
Charlie McAvoy BOS 3
73%
Connor Bedard CHI 2
73%
David Pastrnak BOS 3
73%
Jack Hughes NJD 2
73%
Logan Thompson WSH 1
73%
Luke Hughes NJD 2
73%
Quinn Hughes VAN 3
73%
Tage Thompson BUF 3
73%
Connor McDavid EDM 3
70%
Leon Draisaitl EDM 3
70%
Evander Kane VAN 2
66%
Martin Necas COL 2
66%
Patrick Kane DET 3
66%
Rasmus Dahlin BUF 3
66%
Troy Terry ANA 3
66%
Jeremy Swayman BOS 1
64%
Kirill Kaprizov MIN 2
64%
Mikko Rantanen DAL 3
64%
Cole Caufield MTL 2
61%
Nick Suzuki MTL 3
61%
Alex Ovechkin WSH 3
59%
Brad Marchand FLA 2
59%
Jamie Benn DAL 2
59%
Joel Eriksson Ek MIN 2
59%
Sebastian Aho CAR 3
59%
Aleksander Barkov FLA 3
57%
Artemi Panarin NYR 3
57%
Evan Bouchard EDM 2
57%
Jason Robertson DAL 3
57%
Lane Hutson MTL 3
57%
Anze Kopitar LAK 3
55%
Drew Doughty LAK 3
55%
Dylan Larkin DET 3
55%
John Carlson WSH 2
55%
Mitch Marner VGK 3
55%
Sam Reinhart FLA 3
55%
Sidney Crosby PIT 3
55%
Devon Toews COL 3
52%
Jesper Bratt NJD 2
52%
Roman Josi NSH 3
52%
Igor Shesterkin NYR 1
50%
Ilya Sorokin NYI 1
50%
J.T. Miller NYR 2
50%
K'Andre Miller CAR 2
50%
Miro Heiskanen DAL 3
50%
Nikita Kucherov TBL 3
50%
Rasmus Andersson CGY 3
50%
Sergei Bobrovsky FLA 1
50%
Trevor Zegras PHI 2
50%
Zach Hyman EDM 2
50%
Zach Werenski CBJ 3
50%
Auston Matthews TOR 3
48%
Dylan Strome WSH 2
48%
Elias Pettersson VAN 2
48%
Filip Forsberg NSH 3
48%
Jaccob Slavin CAR 3
48%
Jack Eichel VGK 3
48%
Lucas Raymond DET 2
48%
Macklin Celebrini SJS 2
48%
Mason McTavish ANA 2
48%
Mathew Barzal NYI 3
48%
Matthew Boldy MIN 2
48%
Nazem Kadri CGY 3
48%
Ryan Strome ANA 1
48%
Tim Stutzle OTT 2
48%
Will Smith SJS 1
48%
Adrian Kempe LAK 3
45%
Alex DeBrincat DET 2
45%
Gabriel Landeskog COL 2
45%
Jake Oettinger DAL 1
45%
Nico Hischier NJD 2
45%
Owen Power BUF 2
45%
Roope Hintz DAL 3
45%
Ryan Nugent-Hopkins EDM 2
45%
Adam Fox NYR 2
43%
Brayden Point TBL 3
43%
Clayton Keller UTA 2
43%
Connor Hellebuyck WPG 1
43%
Elias Lindholm BOS 2
43%
Evgeni Malkin PIT 2
43%
Hampus Lindholm BOS 3
43%
Kyle Connor WPG 2
43%
Mackenzie Blackwood COL 1
43%
Noah Dobson MTL 2
43%
Seth Jones FLA 3
43%
Alex Tuch BUF 2
41%
Andrei Svechnikov CAR 2
41%
Bo Horvat NYI 2
41%
Dustin Wolf CGY 1
41%
Jonathan Huberdeau CGY 1
41%
Linus Ullmark OTT 1
41%
Moritz Seider DET 3
41%
Thomas Harley DAL 2
41%
Wyatt Johnston DAL 2
41%
Aaron Ekblad FLA 2
39%
Andrei Vasilevskiy TBL 1
39%
Brock Faber MIN 3
39%
Ivan Demidov MTL 2
39%
Jacob Trouba ANA 1
39%
Juraj Slafkovsky MTL 2
39%
Mark Stone VGK 2
39%
Michael Matheson MTL 3
39%
Mika Zibanejad NYR 2
39%
Morgan Geekie BOS 1
39%
Radko Gudas ANA 3
39%
Steven Stamkos NSH 2
39%
Victor Hedman TBL 2
39%
Darnell Nurse EDM 2
36%
Jake Guentzel TBL 2
36%
Juuse Saros NSH 1
36%
Kirill Marchenko CBJ 2
36%
Mark Scheifele WPG 3
36%
Mattias Ekholm EDM 3
36%
Sam Bennett FLA 2
36%
Seth Jarvis CAR 2
36%
Tyler Seguin DAL 2
36%
William Nylander TOR 3
36%
Gustav Forsling FLA 3
34%
Jake Sanderson OTT 3
34%
Jeff Skinner SJS 1
34%
Robert Thomas STL 2
34%
Ryan O'Reilly NSH 2
34%
Thatcher Demko VAN 1
34%
Tom Wilson WSH 2
34%
Aliaksei Protas WSH 2
32%
Dougie Hamilton NJD 2
32%
John Tavares TOR 2
32%
Kent Johnson CBJ 1
32%
Kris Letang PIT 2
32%
Mikael Backlund CGY 2
32%
Nikolaj Ehlers CAR 2
32%
Patrik Laine MTL 2
32%
Timo Meier NJD 2
32%
Travis Konecny PHI 2
32%
Tyler Bertuzzi CHI 2
32%
Artturi Lehkonen COL 2
30%
Claude Giroux OTT 2
30%
Colton Parayko STL 2
30%
Frank Nazar CHI 2
30%
Jacob Markstrom NJD 1
30%
Jordan Binnington STL 1
30%
Josh Morrissey WPG 3
30%
Mikael Granlund ANA 2
30%
Pavel Zacha BOS 2
30%
Quinton Byfield LAK 2
30%
Shea Theodore VGK 3
30%
Valeri Nichushkin COL 2
30%
Adam Fantilli CBJ 2
27%
Brock Boeser VAN 2
27%
Chris Kreider ANA 2
27%
Esa Lindell DAL 2
27%
Jared McCann SEA 1
27%
Mackenzie Weegar CGY 3
27%
Marco Rossi MIN 2
27%
Matt Duchene DAL 2
27%
Morgan Rielly TOR 1
27%
Nikita Zadorov BOS 1
27%
Teuvo Teravainen CHI 1
27%
Anton Lundell FLA 2
25%
Bowen Byram BUF 2
25%
Brandon Hagel TBL 2
25%
Jared Spurgeon MIN 2
25%
Jonas Brodin MIN 3
25%
Jonathan Marchessault NSH 2
25%
Jordan Kyrou STL 2
25%
Kevin Fiala LAK 2
25%
Logan Stankoven CAR 2
25%
Matthew Knies TOR 2
25%
Mikhail Sergachev UTA 3
25%
Samuel Girard COL 1
25%
Anders Lee NYI 2
23%
Arber Xhekaj MTL 2
23%
Brandon Montour SEA 2
23%
Drake Batherson OTT 3
23%
John-Jason Peterka UTA 2
23%
Josh Norris BUF 2
23%
Sean Monahan CBJ 1
23%
Thomas Chabot OTT 2
23%
Travis Sanheim PHI 3
23%
Vince Dunn SEA 2
23%
Vladimir Tarasenko MIN 1
23%
Brendan Gallagher MTL 1
20%
Dylan Cozens OTT 2
20%
Dylan Guenther UTA 2
20%
Jakob Chychrun WSH 2
20%
Jordan Staal CAR 2
20%
Matvei Michkov PHI 2
20%
Tyler Toffoli SJS 2
20%
Vincent Trocheck NYR 2
20%
Adam Pelech NYI 3
18%
Alexis Lafreniere NYR 2
18%
Alex Pietrangelo VGK 3
18%
Andrew Copp DET 1
18%
Anthony Cirelli TBL 2
18%
Blake Coleman CGY 1
18%
Brandon Tanev UTA 1
18%
Brayden Schenn STL 3
18%
Cam Fowler STL 2
18%
Christopher Tanev TOR 2
18%
Conor Garland VAN 2
18%
Frank Vatrano ANA 2
18%
Jake DeBrusk VAN 2
18%
Jonathan Drouin NYI 1
18%
Josh Manson COL 1
18%
Logan Cooley UTA 1
18%
Marcus Foligno MIN 2
18%
Mats Zuccarello MIN 2
18%
Nick Foligno CHI 2
18%
Adam Lowry WPG 1
16%
Boone Jenner CBJ 1
16%
Brandon Carlo TOR 1
16%
Carter Verhaeghe FLA 2
16%
Casey Mittelstadt BOS 1
16%
Corey Perry LAK 2
16%
Filip Hronek VAN 2
16%
Jamie Drysdale PHI 2
16%
Jordan Eberle SEA 2
16%
Noah Hanifin VGK 2
16%
Phillip Danault LAK 2
16%
Sean Couturier PHI 2
16%
Dawson Mercer NJD 1
14%
Jake Walman EDM 2
14%
Matthew Rempe NYR 1
14%
Max Domi TOR 2
14%
Olen Zellweger ANA 2
14%
Pavel Dorofeyev VGK 2
14%
Pavel Mintyukov ANA 2
14%
Rickard Rakell PIT 2
14%
Ryan Leonard WSH 1
14%
Ryan Pulock NYI 2
14%
William Eklund SJS 2
14%
Bryan Rust PIT 2
11%
Darren Raddysh TBL 1
11%
Dmitri Voronkov CBJ 2
11%
Dmitry Orlov SJS 2
11%
Dylan Holloway STL 2
11%
Gabe Vilardi WPG 2
11%
Ivan Barbashev VGK 1
11%
Kaapo Kakko SEA 1
11%
Kevin Korchinski CHI 2
11%
Mason Marchment SEA 2
11%
Matty Beniers SEA 1
11%
Neal Pionk WPG 2
11%
Nick Schmaltz UTA 2
11%
Pierre-Luc Dubois WSH 2
11%
Shayne Gostisbehere CAR 2
11%
Simon Nemec NJD 1
11%
Andre Burakovsky CHI 1
9%
Brandt Clarke LAK 2
9%
Brayden McNabb VGK 1
9%
Kiefer Sherwood VAN 1
9%
Mario Ferraro SJS 1
9%
Morgan Frost CGY 2
9%
Pavel Buchnevich STL 2
9%
Ryan McLeod BUF 1
9%
Will Cuylle NYR 2
9%
Alexander Wennberg SJS 1
7%
Anthony Duclair NYI 1
7%
Brett Pesce NJD 2
7%
Cole Perfetti WPG 2
7%
Jean-Gabriel Pageau NYI 2
7%
Joel Farabee CGY 1
7%
Jordan Martinook CAR 2
7%
Lawson Crouse UTA 2
7%
Ridly Greig OTT 1
7%
Ryan McDonagh TBL 2
7%
Sean Durzi UTA 1
7%
Tomas Hertl VGK 2
7%
Victor Olofsson COL 1
7%
Alexander Romanov NYI 2
5%
Andrei Kuzmenko LAK 1
5%
Barclay Goodrow SJS 1
5%
Connor McMichael WSH 2
5%
David Perron OTT 1
5%
Filip Chytil VAN 1
5%
Ilya Mikheyev CHI 1
5%
Jeremy Lauzon VGK 1
5%
Jiri Kulich BUF 1
5%
Kyle Palmieri NYI 1
5%
Nathan Walker STL 1
5%
Oliver Bjorkstrand TBL 2
5%
Owen Tippett PHI 2
5%
Stefan Noesen NJD 1
5%
Yanni Gourde TBL 1
5%
Casey Cizikas NYI 2
2%
Jack McBain UTA 1
2%
Jacob Middleton MIN 2
2%
Jonathan Lekkerimaki VAN 1
2%
Miles Wood CBJ 1
2%
Nick Leddy SJS 2
2%
Paul Cotter NJD 1
2%
Philipp Kurashev SJS 1
2%
Trevor Moore LAK 1
2%
Tyson Foerster PHI 2
2%
Vladislav Namestnikov WPG 1
2%
Yakov Trenin MIN 1
2%
Barrett Hayton UTA 2
0%
Chandler Stephenson SEA 1
0%
Eeli Tolvanen SEA 1
0%
Garnet Hathaway PHI 1
0%
Rasmus Ristolainen PHI 1
0%
Ryan Graves PIT 2
0%
Scott Laughton TOR 1
0%
Yegor Chinakhov CBJ 1
0%
No matching quizzes found
Score Distribution
Percent of People with Each Score
Percentile by Number Answered
Your Score History
You have not taken this quiz